skbl

Dr Suryya Kumar Bhuyan Library Web-OPAC
ডঃ সূৰ্য্য
কুমাৰ ভূঞা পুথিভঁৰাল ৱেব-অ'পেক

All Research Scholars are advised to clear the annual library fees to continue using Library Resources, Remote Access, Plagiarism Test and Library Clearance.

Cotton University Book Fair 2026

Soilless Growth of Plants / (Record no. 13766)

MARC details
000 -LEADER
fixed length control field 00772nam a2200289Ia 4500
001 - CONTROL NUMBER
control field 13780
005 - DATE AND TIME OF LATEST TRANSACTION
control field 20240113235504.0
007 - PHYSICAL DESCRIPTION FIXED FIELD--GENERAL INFORMATION
fixed length control field ta
008 - FIXED-LENGTH DATA ELEMENTS--GENERAL INFORMATION
fixed length control field 051116s1947 a g b000 u 465 u
040 ## - CATALOGING SOURCE
Original cataloging agency Cotton College Assam
041 ## - LANGUAGE CODE
Language code of text/sound track or separate title 465
082 ## - DEWEY DECIMAL CLASSIFICATION NUMBER
Classification number 581.134
Item number El 59 Soi
100 ## - MAIN ENTRY--PERSONAL NAME
Personal name Ellis, Carleton .
245 #0 - TITLE STATEMENT
Title Soilless Growth of Plants /
Statement of responsibility, etc. Carleton Ellis and M.W. Swaney.
Medium Textual Documents
250 ## - EDITION STATEMENT
Edition statement 2nd Rev. ed. /
260 ## - PUBLICATION, DISTRIBUTION, ETC.
Place of publication, distribution, etc. New York :
Name of publisher, distributor, etc. Reinhold Publishing Corporation ,
Date of publication, distribution, etc. C1947.
300 ## - PHYSICAL DESCRIPTION
Extent vii,272p. :
Other physical details ill ;
Dimensions 23cm .
504 ## - BIBLIOGRAPHY, ETC. NOTE
Bibliography, etc. note Index
653 ## - INDEX TERM--UNCONTROLLED
Uncontrolled term Botany
653 ## - INDEX TERM--UNCONTROLLED
Uncontrolled term Plants-Growth
653 ## - INDEX TERM--UNCONTROLLED
Uncontrolled term G-Botany
700 ## - ADDED ENTRY--PERSONAL NAME
Personal name Swaney, M.W. .
942 ## - ADDED ENTRY ELEMENTS (KOHA)
Source of classification or shelving scheme Dewey Decimal Classification
Koha item type Books
Holdings
Withdrawn status Lost status Damaged status Not for loan Collection Home library Current library Date acquired Coded location qualifier Total checkouts Full call number Barcode Date last seen Copy number Price effective from Koha item type
          Dr. Suryya Kumar Bhuyan Library Dr. Suryya Kumar Bhuyan Library 01/02/2012 00000   581.134 El 59 Soi 34230 13/01/2024 1 01/02/2012 Books
          Dr. Suryya Kumar Bhuyan Library Dr. Suryya Kumar Bhuyan Library 01/02/2012 00000   581.134 El 59 Soi 30990 13/01/2024 2 01/02/2012 Books

Designed and Maintained by Team SKBL
©1901-2026

Powered by Koha